|
|
|
|
| LEADER |
00000nam a2200000 i 4500 |
| 001 |
DIGDYK3292 |
| 003 |
NyNyDIG |
| 007 |
cr ||||||||||| |
| 008 |
240614s2023 sp ob 100 0 spa d |
| 006 |
m o d |
| 035 |
|
|
|a (OCoLC)1441793969
|
| 040 |
|
|
|a DGITA
|b eng
|e rda
|e pn
|c DGITA
|
| 020 |
|
|
|a 9788411707787
|q eBook
|
| 020 |
|
|
|z 9788411706926
|
| 024 |
7 |
|
|a 10.14679/2292
|2 doi
|
| 050 |
1 |
4 |
|a KBU38 ebook
|
| 110 |
2 |
|
|a Asociación Española de Canonistas.
|b Jornadas de Actualidad Canónica
|n (42nd :
|d 2023 :
|c Madrid, Spain),
|e author.
|
| 245 |
1 |
3 |
|a El derecho canónico en una iglesia sinodal :
|b aportaciones en el 40º aniversario del código /
|c Carmen Peña, José Bernal Pascual (coordinadores).
|
| 264 |
|
1 |
|a Madrid :
|b Asociación Española de Canonistas :
|b Dykinson, S.L.,
|c [2023]
|
| 300 |
|
|
|a 1 online resource.
|
| 336 |
|
|
|a text
|b txt
|2 rdacontent
|
| 337 |
|
|
|a computer
|b c
|2 rdamedia
|
| 338 |
|
|
|a online resource
|b cr
|2 rdacarrier
|
| 347 |
|
|
|a text file
|2 rdaft
|
| 347 |
|
|
|b PDF
|
| 500 |
|
|
|a "Actas de las 42ª Jornadas de actualidad canónica de la Asociación Española de Canonistas, celebradas en Madrid, del 12 al 14 de abril de 2023".
|
| 504 |
|
|
|a Includes bibliographical references.
|
| 588 |
0 |
|
|a Online resource; title from PDF title page (Digitalia, viewed June 14, 2024)
|
| 650 |
|
0 |
|a Canon law
|v Congresses.
|
| 700 |
1 |
|
|a Peña-Ardid, Carmen,
|e editor.
|
| 700 |
1 |
|
|a Bernal Pascual, José,
|e editor.
|
| 791 |
2 |
|
|a Digitalia (Firm),
|e distributor.
|
| 793 |
0 |
|
|g Digitalia eBook Collection:
|a Dykinson Editorial
|
| 776 |
0 |
8 |
|i Print version:
|a Asociación Española de Canonistas. Jornadas de Actualidad Canónica (42th : 2023 : Madrid, Spain).
|t Derecho canónico en una iglesia sinodal.
|d Madrid : Asociación Española de Canonistas : Dykinson, S.L., [2023]
|z 9788411706926
|
| 856 |
4 |
0 |
|3 Digitalia Hispánica
|u https://www.digitaliapublishing.com/a/143942/
|
| 910 |
|
|
|a Premium collection: 2024
|